[Event "II Torneo Internazionale"]
[Site "Montecatini Terme ITA"]
[Date "1998.11.??"]
[Round "4"]
[White "Caposciutti, Maurizio"]
[Black "Naumkin, Igor"]
[Result "0-1"]
[WhiteElo "2360"]
[BlackElo "2475"]
[PlyCount "80"]
[EventDate "1998.11.07"]

1. Nf3 Nf6 2. c4 e6 3. g3 b6 4. Bg2 Bb7 5. O-O Be7 6. b3 O-O 7. Bb2 d5 8. e3 c5
9. Qe2 dxc4 10. bxc4 Nc6 11. Nc3 a6 12. Rab1 Qc7 13. Ba1 Rab8 14. Rfd1 Rfd8 15.
Ne1 Na7 16. Bxb7 Rxb7 17. f4 Qb8 18. a4 Nc6 19. Nf3 Bf8 20. d3 Ne8 21. Ne4 f6
22. g4 Nb4 23. g5 f5 24. Nc3 Nd6 25. Ne5 Nf7 26. Na2 Nxe5 27. Bxe5 Qc8 28. Nxb4
cxb4 29. Ra1 a5 30. d4 Bd6 31. Rac1 Rc7 32. Qa2 Qd7 33. c5 Bxe5 34. fxe5 bxc5
35. Qc4 Kf7 36. Kf2 Qd5 37. Qxd5 Rxd5 38. Rc4 Rcd7 39. Ke2 cxd4 40. exd4 Kg6
0-1

[Event "II Torneo Internazionale"]
[Site "Montecatini Terme ITA"]
[Date "1998.11.??"]
[Round "4"]
[White "Corvi, Marco"]
[Black "Vezzosi, Paolo"]
[Result "1/2-1/2"]
[WhiteElo "2305"]
[BlackElo "2325"]
[PlyCount "143"]
[EventDate "1998.11.07"]

1. c4 e6 2. Nf3 Nf6 3. g3 d5 4. b3 Be7 5. Bb2 O-O 6. Bg2 b6 7. O-O Bb7 8. cxd5
Nxd5 9. Nc3 Nd7 10. Re1 Bf6 11. Qc1 Rc8 12. Nxd5 Bxd5 13. Bc3 Nc5 14. d3 a5 15.
Qb2 Bxc3 16. Qxc3 Na6 17. Nd2 Bxg2 18. Kxg2 c5 19. Nc4 Nb4 20. a3 Nc6 21. a4
Nd4 22. f3 h5 23. e3 Nc6 24. Rad1 Re8 25. Qb2 e5 26. Qe2 Re6 27. Rf1 g6 28. f4
f5 29. fxe5 Nxe5 30. d4 cxd4 31. Rxd4 Qe7 32. Re1 Qb7+ 33. e4 Nf7 34. Kg1 Rce8
35. Nd2 Ng5 36. h4 Nxe4 37. Nxe4 fxe4 38. Qe3 b5 39. axb5 Qxb5 40. Rf1 Qc5 41.
Rc1 Qe5 42. Re1 Qb5 43. Rf1 Qb6 44. Kg2 Qa7 45. Re1 Qf7 46. Rf1 Rf6 47. Rxf6
Qxf6 48. Qf2 Qe6 49. Rc4 Qd5 50. Qe3 Qf7 51. Rc2 Qb7 52. Re2 Qc6 53. Re1 Qc2+
54. Re2 Qc6 55. Re1 Qd5 56. Re2 Qc6 57. Re1 Rb8 58. Qxe4 Qxe4+ 59. Rxe4 Rxb3
60. Re6 Kf7 61. Ra6 Ra3 62. Kf2 a4 63. Kg2 Ra1 64. Kf3 a3 65. Kf4 a2 66. Kg5
Rg1 67. Ra7+ Ke6 68. Rxa2 Rxg3+ 69. Kh6 Kf5 70. Ra5+ Kg4 71. Kxg6 Kxh4+ 72. Kh6
1/2-1/2

[Event "II Torneo Internazionale"]
[Site "Montecatini Terme ITA"]
[Date "1998.11.??"]
[Round "4"]
[White "Cugini, Verter"]
[Black "Medancic, Rikard"]
[Result "0-1"]
[WhiteElo "2190"]
[BlackElo "2330"]
[PlyCount "114"]
[EventDate "1998.11.07"]

1. e4 e5 2. Nf3 Nc6 3. d4 exd4 4. Nxd4 Nge7 5. Bc4 Nxd4 6. Qxd4 Nc6 7. Qe3 Bb4+
8. Nc3 d6 9. O-O O-O 10. Nd5 Bc5 11. Qg5 Be6 12. Bb3 Rc8 13. Qxd8 Rfxd8 14. Be3
Bxe3 15. Nxe3 Re8 16. f3 g6 17. Kf2 Kg7 18. Rfd1 Bxb3 19. axb3 a5 20. Rd2 b6
21. Re1 Ne7 22. Nd5 Nxd5 23. Rxd5 Ra8 24. e5 dxe5 25. Rdxe5 Rxe5 26. Rxe5 Kf6
27. Re4 Rd8 28. Ke2 Rd5 29. Rc4 c5 30. Rh4 h5 31. Rf4+ Ke6 32. Ra4 f5 33. Ra1
h4 34. Ra4 g5 35. Ra1 Ke5 36. g3 h3 37. Ra4 Kd6 38. f4 g4 39. Rc4 Rd4 40. Rc3
Kd5 41. Rd3 c4 42. bxc4+ Kxc4 43. Rc3+ Kb5 44. Re3 Rd5 45. Rb3+ Kc6 46. Ra3 Rb5
47. b3 Rd5 48. Ra4 Kc5 49. Rc4+ Kb5 50. Ra4 Rd6 51. Ke1 Kc5 52. Ke2 Rd4 53. Ra1
Kb4 54. Ra4+ Kc3 55. Ke3 Rb4 56. Ra2 Re4+ 57. Kf2 Rd4 0-1

[Event "II Torneo Internazionale"]
[Site "Montecatini Terme ITA"]
[Date "1998.11.??"]
[Round "4"]
[White "Golubovic, Boris"]
[Black "Tomescu, Vlad"]
[Result "1/2-1/2"]
[WhiteElo "2440"]
[BlackElo "2425"]
[PlyCount "30"]
[EventDate "1998.11.07"]

1. d4 Nf6 2. c4 g6 3. Nc3 Bg7 4. e4 d6 5. f3 O-O 6. Be3 e5 7. d5 c6 8. Bd3 cxd5
9. cxd5 Nbd7 10. Nge2 Nc5 11. Bc2 a5 12. Qd2 Nh5 13. O-O f5 14. exf5 gxf5 15.
f4 e4 1/2-1/2

[Event "II Torneo Internazionale"]
[Site "Montecatini Terme ITA"]
[Date "1998.11.??"]
[Round "4"]
[White "Sciortino, Massimo"]
[Black "Drei, Andrea"]
[Result "0-1"]
[WhiteElo "2180"]
[BlackElo "2340"]
[PlyCount "80"]
[EventDate "1998.11.07"]

1. e4 c5 2. Nc3 Nc6 3. f4 e6 4. Nf3 Nge7 5. g3 d6 6. Bg2 Nd4 7. O-O g6 8. d3
Bg7 9. Be3 O-O 10. Qd2 Rb8 11. Qf2 Nec6 12. Nd1 b6 13. Nh4 Bd7 14. c3 Nb5 15.
a4 Nc7 16. h3 f5 17. g4 g5 18. Nf3 gxf4 19. Bxf4 fxe4 20. Bg5 Qe8 21. dxe4 Ne5
22. Qc2 Bc6 23. Nd2 Qg6 24. Rxf8+ Bxf8 25. Bf4 Bg7 26. Ne3 Rf8 27. Bh2 h5 28.
Rf1 hxg4 29. Nxg4 Nxg4 30. hxg4 Ne8 31. Rxf8+ Bxf8 32. Qd1 Nf6 33. Bf3 Nxe4 34.
Qc2 d5 35. Nxe4 dxe4 36. Be2 Qg5 37. Bg3 Qe3+ 38. Bf2 Qf4 39. Qd1 e3 40. Bh4
Qe4 0-1

[Event "II Torneo Internazionale"]
[Site "Montecatini Terme ITA"]
[Date "1998.11.??"]
[Round "4"]
[White "Toulzac, Pierre-Yves"]
[Black "Iotti, Pierluigi"]
[Result "1-0"]
[WhiteElo "2275"]
[BlackElo "2320"]
[PlyCount "81"]
[EventDate "1998.11.07"]

1. d4 Nf6 2. c4 e6 3. Nf3 b6 4. a3 Bb7 5. Nc3 d5 6. cxd5 exd5 7. Bg5 Be7 8.
Qa4+ c6 9. g3 O-O 10. Bg2 Nbd7 11. O-O Re8 12. e3 a5 13. Rfc1 h6 14. Bxf6 Bxf6
15. Qd1 Be7 16. Rc2 Bd6 17. Rac1 g6 18. Re2 Nf6 19. Qc2 Rc8 20. Ree1 Rc7 21.
Na4 Rce7 22. Qb3 Bc7 23. Nd2 Kg7 24. Qc3 h5 25. b4 axb4 26. axb4 h4 27. Nb2 Rh8
28. Nd3 Qb8 29. e4 dxe4 30. Nxe4 Nd5 31. Qd2 hxg3 32. hxg3 Qd8 33. Nc3 Rxe1+
34. Rxe1 Nf6 35. Nf4 Ba8 36. Ra1 Bd6 37. Ra7 Qb8 38. Qa2 Nd5 39. Ncxd5 cxd5 40.
Ne6+ Kf6 41. Qa3 1-0

[Event "II Torneo Internazionale"]
[Site "Montecatini Terme ITA"]
[Date "1998.11.??"]
[Round "5"]
[White "Drei, Andrea"]
[Black "Cugini, Verter"]
[Result "1-0"]
[WhiteElo "2340"]
[BlackElo "2190"]
[PlyCount "45"]
[EventDate "1998.11.07"]

1. e4 e6 2. d4 d5 3. Nd2 Nf6 4. e5 Ne4 5. Nxe4 dxe4 6. Bc4 a6 7. a4 c5 8. d5
Nd7 9. dxe6 fxe6 10. f4 exf3 11. Nxf3 Nb6 12. Qxd8+ Kxd8 13. Be2 Be7 14. Ng5
Kc7 15. Bg4 Bxg5 16. Bxg5 Bd7 17. Be7 Nxa4 18. Bd6+ Kb6 19. Rf1 c4 20. Rf7 Bc6
21. Bxe6 Nxb2 22. Kd2 Rae8 23. Bd7 1-0

[Event "II Torneo Internazionale"]
[Site "Montecatini Terme ITA"]
[Date "1998.11.??"]
[Round "5"]
[White "Iotti, Pierluigi"]
[Black "Golubovic, Boris"]
[Result "1/2-1/2"]
[WhiteElo "2320"]
[BlackElo "2440"]
[PlyCount "36"]
[EventDate "1998.11.07"]

1. d4 Nf6 2. c4 e6 3. Nf3 Bb4+ 4. Bd2 Qe7 5. g3 Nc6 6. Bg2 Bxd2+ 7. Nbxd2 d6 8.
O-O a5 9. Rc1 O-O 10. e3 e5 11. a3 Bg4 12. Qc2 Rfe8 13. Rfe1 h6 14. h3 Bd7 15.
Nb1 Nh7 16. Nc3 Ng5 17. Nxg5 Qxg5 18. dxe5 dxe5 1/2-1/2

[Event "II Torneo Internazionale"]
[Site "Montecatini Terme ITA"]
[Date "1998.11.??"]
[Round "5"]
[White "Medancic, Rikard"]
[Black "Corvi, Marco"]
[Result "1-0"]
[WhiteElo "2330"]
[BlackElo "2305"]
[PlyCount "89"]
[EventDate "1998.11.07"]

1. e4 Nf6 2. d3 e5 3. f4 Nc6 4. fxe5 Nxe5 5. Nf3 Nxf3+ 6. Qxf3 d5 7. e5 Qe7 8.
d4 Ne4 9. Nd2 Nxd2 10. Bxd2 Qh4+ 11. Qf2 Qxf2+ 12. Kxf2 Bf5 13. Be2 c6 14. c3
Be7 15. g4 Bh4+ 16. Kg2 Be4+ 17. Bf3 Bxf3+ 18. Kxf3 f6 19. Be1 Bxe1 20. Raxe1
fxe5 21. Rxe5+ Kd7 22. Rhe1 Raf8+ 23. Kg3 Rf7 24. h4 Rhf8 25. R1e3 a6 26. h5 h6
27. a4 b5 28. a5 b4 29. cxb4 Rb8 30. Rb3 Kd6 31. g5 Re7 32. Rxe7 Kxe7 33. g6
Rf8 34. Kg4 Kd6 35. b5 cxb5 36. Re3 Rc8 37. Re5 Rc4 38. Kf5 Rxd4 39. Re6+ Kc5
40. Rxa6 Rh4 41. Ra7 Rxh5+ 42. Ke6 d4 43. Rxg7 d3 44. Kf6 b4 45. a6 1-0

[Event "II Torneo Internazionale"]
[Site "Montecatini Terme ITA"]
[Date "1998.11.??"]
[Round "5"]
[White "Naumkin, Igor"]
[Black "Toulzac, Pierre-Yves"]
[Result "1-0"]
[WhiteElo "2475"]
[BlackElo "2275"]
[PlyCount "81"]
[EventDate "1998.11.07"]

1. d4 Nf6 2. c4 e5 3. dxe5 Ne4 4. a3 b6 5. Nf3 Bb7 6. Qc2 a5 7. Nbd2 Nc5 8. b3
g6 9. Bb2 Bg7 10. h4 Nc6 11. h5 O-O 12. hxg6 hxg6 13. e3 Qe7 14. Be2 Nxe5 15.
Nd4 f5 16. N4f3 Ned3+ 17. Bxd3 Nxd3+ 18. Qxd3 Bxb2 19. Rd1 Bf6 20. Rh3 Kg7 21.
Rg3 Be4 22. Nxe4 fxe4 23. Qc2 Rf7 24. Nd4 Qe5 25. Rg4 Re8 26. Ne2 Qb2 27. Qxb2
Bxb2 28. Nf4 Bxa3 29. Ke2 Bd6 30. Rxg6+ Kf8 31. Nd5 Be5 32. Rg4 d6 33. Rxe4 c6
34. Nxb6 Rb7 35. c5 Kf7 36. cxd6 Rxb6 37. d7 Rd8 38. Rxe5 Rxb3 39. Rxa5 Rb2+
40. Kf3 Ke7 41. Re5+ 1-0

[Event "II Torneo Internazionale"]
[Site "Montecatini Terme ITA"]
[Date "1998.11.??"]
[Round "5"]
[White "Tomescu, Vlad"]
[Black "Sciortino, Massimo"]
[Result "1-0"]
[WhiteElo "2425"]
[BlackElo "2180"]
[PlyCount "87"]
[EventDate "1998.11.07"]

1. e4 d6 2. d4 Nf6 3. Nc3 g6 4. g3 Bg7 5. Bg2 O-O 6. Nge2 e5 7. h3 Nc6 8. Be3
Re8 9. O-O exd4 10. Nxd4 Bd7 11. Re1 Nxd4 12. Bxd4 Bc6 13. b4 a6 14. a4 Qd7 15.
Qd3 b6 16. a5 b5 17. Nd5 Nxd5 18. exd5 Bb7 19. Bxg7 Kxg7 20. c4 Rxe1+ 21. Rxe1
Re8 22. Qd4+ Kg8 23. Rxe8+ Qxe8 24. Qa7 Qe1+ 25. Bf1 bxc4 26. Qxb7 c3 27. Qc6
Qd2 28. b5 axb5 29. a6 c2 30. a7 c1=Q 31. a8=Q+ Kg7 32. Qxc1 Qxc1 33. Qb7 Kf6
34. Qxb5 Ke5 35. Qc4 Qxc4 36. Bxc4 g5 37. Kf1 f5 38. Ke2 Ke4 39. Ba2 h5 40. h4
f4 41. hxg5 fxg3 42. fxg3 Kf5 43. Kf3 Kxg5 44. Bb1 1-0

[Event "II Torneo Internazionale"]
[Site "Montecatini Terme ITA"]
[Date "1998.11.??"]
[Round "6"]
[White "Caposciutti, Maurizio"]
[Black "Medancic, Rikard"]
[Result "0-1"]
[WhiteElo "2360"]
[BlackElo "2330"]
[PlyCount "110"]
[EventDate "1998.11.07"]

1. e4 e5 2. Nf3 Nc6 3. Bc4 Be7 4. d4 d6 5. h3 Nf6 6. Nc3 O-O 7. O-O h6 8. Re1
Re8 9. Be3 Bd7 10. a3 Bf8 11. dxe5 Nxe5 12. Nxe5 dxe5 13. Qe2 c6 14. Rad1 b5
15. Bb3 Qc8 16. Qf3 Be6 17. Bxe6 Qxe6 18. Rd2 a5 19. Red1 Qc4 20. Qe2 Qxe2 21.
Rxe2 b4 22. axb4 axb4 23. Nb1 Nxe4 24. Bxh6 f5 25. Be3 Ra2 26. b3 f4 27. Bb6
Nf6 28. f3 Nd5 29. Bf2 Rd8 30. Rc1 Ne3 31. Bxe3 fxe3 32. Kf1 Bc5 33. Ree1 Bd4
34. Ke2 Kf7 35. Kd3 Ke6 36. Kc4 c5 37. Re2 Kd6 38. Ree1 Kc6 39. Kd3 Rf8 40. Re2
Rfa8 41. g3 Rb2 42. h4 Rf8 43. Ke4 Ra8 44. Kd3 Ra1 45. Ree1 Raa2 46. h5 Kd5 47.
Rh1 Ra8 48. g4 Rf8 49. Rh3 Ra2 50. g5 Ra7 51. c3 Ra2 52. cxd4 cxd4 53. Rc2 Rxf3
54. Rxa2 e4+ 55. Kc2 d3+ 0-1

[Event "II Torneo Internazionale"]
[Site "Montecatini Terme ITA"]
[Date "1998.11.??"]
[Round "6"]
[White "Cugini, Verter"]
[Black "Corvi, Marco"]
[Result "1/2-1/2"]
[WhiteElo "2190"]
[BlackElo "2305"]
[PlyCount "82"]
[EventDate "1998.11.07"]

1. e4 c5 2. g3 d5 3. exd5 Qxd5 4. Nf3 Bg4 5. Bg2 Qe6+ 6. Kf1 Nc6 7. h3 Bh5 8.
d3 Qd7 9. Be3 e6 10. g4 Bg6 11. Nh4 Nf6 12. Nxg6 hxg6 13. Nc3 Nd4 14. Ne4 Nd5
15. c3 Nxe3+ 16. fxe3 Nc6 17. Nf2 Be7 18. Qa4 f5 19. Rd1 O-O 20. Bxc6 bxc6 21.
Ke2 Rab8 22. Rd2 Bh4 23. gxf5 Bxf2 24. Kxf2 Qd5 25. e4 Qe5 26. Ke2 gxf5 27. Kd1
f4 28. Kc2 f3 29. Rf1 Rf6 30. Qxc6 Qf4 31. Rff2 Rbf8 32. Qxc5 Qh4 33. Qe5 Qxh3
34. Rh2 Qg4 35. Rdf2 Qf4 36. Qxf4 Rxf4 37. Rh5 g6 38. Rg5 Kg7 39. Rg3 Kh6 40.
Rh2+ Kg7 41. Rf2 Kh6 1/2-1/2

[Event "II Torneo Internazionale"]
[Site "Montecatini Terme ITA"]
[Date "1998.11.??"]
[Round "6"]
[White "Drei, Andrea"]
[Black "Tomescu, Vlad"]
[Result "1-0"]
[WhiteElo "2340"]
[BlackElo "2425"]
[PlyCount "75"]
[EventDate "1998.11.07"]

1. e4 c5 2. Nf3 Nc6 3. d4 cxd4 4. Nxd4 Nf6 5. Nc3 d6 6. Bg5 e6 7. Qd3 a6 8.
O-O-O h6 9. Bh4 Be7 10. Be2 Bd7 11. f4 Rc8 12. Kb1 Qc7 13. Bxf6 gxf6 14. Nxc6
Bxc6 15. f5 b5 16. fxe6 fxe6 17. a3 Bd7 18. e5 fxe5 19. Qg6+ Kd8 20. Qg7 Rf8
21. Rhf1 Rxf1 22. Rxf1 Qc5 23. Qh8+ Kc7 24. Qxh6 d5 25. Qg7 Bd6 26. Rf7 Rd8 27.
h4 Kc6 28. h5 Be8 29. Ra7 Rd7 30. Rxd7 Bxd7 31. h6 Bf8 32. Qf6 Qg1+ 33. Ka2
Bxh6 34. Qxh6 Qxg2 35. Qh8 Qg6 36. Qa8+ Kc7 37. Qxa6 Qxc2 38. Bxb5 1-0

[Event "II Torneo Internazionale"]
[Site "Montecatini Terme ITA"]
[Date "1998.11.??"]
[Round "6"]
[White "Golubovic, Boris"]
[Black "Naumkin, Igor"]
[Result "1/2-1/2"]
[WhiteElo "2440"]
[BlackElo "2475"]
[PlyCount "20"]
[EventDate "1998.11.07"]

1. e4 e5 2. Nf3 Nc6 3. Bb5 a6 4. Bxc6 dxc6 5. O-O Qd6 6. d4 exd4 7. Nxd4 Bd7 8.
Nc3 O-O-O 9. Be3 Nh6 10. h3 f5 1/2-1/2

[Event "II Torneo Internazionale"]
[Site "Montecatini Terme ITA"]
[Date "1998.11.??"]
[Round "6"]
[White "Sciortino, Massimo"]
[Black "Iotti, Pierluigi"]
[Result "1/2-1/2"]
[WhiteElo "2180"]
[BlackElo "2320"]
[PlyCount "112"]
[EventDate "1998.11.07"]

1. e4 e6 2. d4 d5 3. Nd2 Nf6 4. e5 Nfd7 5. Bd3 c5 6. c3 Nc6 7. Ne2 cxd4 8. cxd4
Nb6 9. a3 Bd7 10. O-O Rc8 11. f4 g6 12. b3 h5 13. Bb2 Ne7 14. Nf3 Nf5 15. Qd2
Be7 16. Rac1 a6 17. Nc3 Kf8 18. Kh1 Kg7 19. Bb1 Qf8 20. a4 Bb4 21. Qf2 Rc6 22.
Na2 Be7 23. Rxc6 Bxc6 24. Nc1 Nd7 25. Nd3 Qb8 26. Rc1 Rc8 27. Nc5 Qa8 28. a5
Bb5 29. Ba3 Rc6 30. h3 Qc8 31. b4 Nh6 32. Rg1 b6 33. axb6 Nxb6 34. g4 hxg4 35.
hxg4 Qh8 36. Nh2 Rc8 37. f5 Bxc5 38. bxc5 Nd7 39. fxe6 fxe6 40. c6 Rxc6 41. Be7
Ng8 42. Bg5 Rc3 43. Rg3 Rxg3 44. Qxg3 Qh7 45. Kg2 Kh8 46. Qf4 Qg7 47. Nf3 Qf8
48. Qh2+ Kg7 49. Kg3 Qc8 50. Qd2 Qc4 51. Bd8 Qf1 52. Qc2 Nf8 53. Qc7+ Nd7 54.
Qc2 Nf8 55. Qc7+ Nd7 56. Qc2 Nf8 1/2-1/2

[Event "II Torneo Internazionale"]
[Site "Montecatini Terme ITA"]
[Date "1998.11.??"]
[Round "6"]
[White "Toulzac, Pierre-Yves"]
[Black "Vezzosi, Paolo"]
[Result "0-1"]
[WhiteElo "2275"]
[BlackElo "2325"]
[PlyCount "82"]
[EventDate "1998.11.07"]

1. f4 d5 2. Nf3 g6 3. g3 Bg7 4. Bg2 Nh6 5. O-O O-O 6. Na3 c5 7. Qe1 Nc6 8. Qf2
b6 9. h3 Ba6 10. c3 Rc8 11. d3 e6 12. g4 f5 13. Qg3 Qe7 14. Re1 d4 15. Bd2 dxc3
16. bxc3 b5 17. Rac1 b4 18. Nb1 Qd6 19. Kh1 c4 20. d4 bxc3 21. Nxc3 Nxd4 22.
Nxd4 Bxd4 23. Rcd1 Qa3 24. e4 fxg4 25. hxg4 Rcd8 26. f5 Nxg4 27. Qxg4 Bxc3 28.
Bxc3 Qxc3 29. fxg6 Qf6 30. gxh7+ Kxh7 31. Re3 Rxd1+ 32. Qxd1 Rf7 33. e5 Qg5 34.
Qe1 Rg7 35. Rh3+ Kg8 36. Bf3 c3 37. Rh2 Qg3 38. Qd1 Qxf3+ 39. Qxf3 Bb7 40. Qxb7
Rxb7 41. Rc2 Rb1+ 0-1

[Event "II Torneo Internazionale"]
[Site "Montecatini Terme ITA"]
[Date "1998.11.??"]
[Round "7"]
[White "Corvi, Marco"]
[Black "Caposciutti, Maurizio"]
[Result "1/2-1/2"]
[WhiteElo "2305"]
[BlackElo "2360"]
[PlyCount "67"]
[EventDate "1998.11.07"]

1. c4 e5 2. Nc3 Nf6 3. Nf3 Nc6 4. e3 Bb4 5. Qc2 Bxc3 6. Qxc3 Qe7 7. a3 a5 8. b4
axb4 9. axb4 Rxa1 10. Qxa1 e4 11. b5 exf3 12. bxc6 fxg2 13. cxd7+ Nxd7 14. Bxg2
O-O 15. Bb2 f6 16. O-O Rd8 17. d4 Nf8 18. Ba3 Qf7 19. Bxf8 Rxf8 20. c5 f5 21.
Qc1 c6 22. Qd2 Be6 23. Ra1 h6 24. Ra7 f4 25. exf4 Qg6 26. f3 Qb1+ 27. Kf2 Bd5
28. Ra3 Re8 29. Re3 Ra8 30. Re1 Qg6 31. Qe3 Qf6 32. Kg3 Qg6+ 33. Kf2 Qf6 34.
Kg3 1/2-1/2

[Event "II Torneo Internazionale"]
[Site "Montecatini Terme ITA"]
[Date "1998.11.??"]
[Round "7"]
[White "Medancic, Rikard"]
[Black "Toulzac, Pierre-Yves"]
[Result "0-1"]
[WhiteElo "2330"]
[BlackElo "2275"]
[PlyCount "72"]
[EventDate "1998.11.07"]

1. e4 d6 2. d4 Nf6 3. Bd3 g6 4. Nf3 Bg7 5. O-O O-O 6. h3 Nc6 7. c3 e5 8. dxe5
dxe5 9. Re1 Qe7 10. b4 Rd8 11. Qc2 Nh5 12. Kh2 Nf4 13. Bf1 Qf6 14. Ng1 g5 15.
g3 Ne6 16. Be3 h5 17. Nd2 Ne7 18. Nc4 Ng6 19. Rad1 Rf8 20. Bc1 Bh6 21. Ne3 Qh8
22. Nf5 Ng7 23. Nxh6+ Qxh6 24. h4 f6 25. Nf3 Qh7 26. hxg5 h4 27. Kg1 hxg3 28.
fxg3 Bg4 29. Rd3 f5 30. Nh2 Qh5 31. Nxg4 fxg4 32. Re2 Rxf1+ 33. Kxf1 Qh1+ 34.
Kf2 Rf8+ 35. Ke3 Ne6 36. Qd1 Rf3+ 0-1

[Event "II Torneo Internazionale"]
[Site "Montecatini Terme ITA"]
[Date "1998.11.??"]
[Round "7"]
[White "Tomescu, Vlad"]
[Black "Cugini, Verter"]
[Result "1/2-1/2"]
[WhiteElo "2425"]
[BlackElo "2190"]
[PlyCount "86"]
[EventDate "1998.11.07"]

1. e4 e6 2. d4 d5 3. Nd2 Nf6 4. e5 Ne4 5. Nxe4 dxe4 6. Bc4 a6 7. a4 b6 8. f4
Bb7 9. Be3 c5 10. Ne2 cxd4 11. Nxd4 Bc5 12. c3 Nc6 13. O-O Bxd4 14. Bxd4 Nxd4
15. Qxd4 Qxd4+ 16. cxd4 Ke7 17. Rac1 Rhd8 18. Rfd1 Rac8 19. Kf2 f5 20. exf6+
gxf6 21. Ke3 f5 22. Rc3 a5 23. Rdc1 Kd6 24. Bb5 Rg8 25. Rxc8 Rxc8 26. Rxc8 Bxc8
27. Be2 Bb7 28. h3 Bc6 29. b3 Bd5 30. Bd1 Ke7 31. g4 Kf6 32. g5+ Kg7 33. h4 Kf8
34. Kd2 Kg7 35. Kc3 Kg6 36. h5+ Kg7 37. h6+ Kf8 38. Bh5 Kg8 39. Be8 Kf8 40. Bb5
Kf7 41. Bc4 Kg6 42. Be2 Kf7 43. Bh5+ Kg8 1/2-1/2

[Event "II Torneo Internazionale"]
[Site "Montecatini Terme ITA"]
[Date "1998.11.??"]
[Round "7"]
[White "Vezzosi, Paolo"]
[Black "Golubovic, Boris"]
[Result "0-1"]
[WhiteElo "2325"]
[BlackElo "2440"]
[PlyCount "80"]
[EventDate "1998.11.07"]

1. d4 d5 2. Nf3 Nf6 3. c4 c6 4. e3 Bf5 5. Nc3 e6 6. Qb3 Qb6 7. Qxb6 axb6 8. Bd2
h6 9. Rc1 Nbd7 10. a3 Bd6 11. cxd5 exd5 12. Be2 O-O 13. O-O Rfe8 14. Rfd1 b5
15. Ne1 Nb6 16. Bd3 Bd7 17. Nb1 Nc4 18. Bc3 Bg4 19. Nf3 Ne4 20. Rc2 f5 21. Bb4
Bxb4 22. axb4 f4 23. exf4 Rf8 24. Re1 Bxf3 25. gxf3 Ned6 26. b3 Na3 27. Rce2
Nxb1 28. Bxb1 Rxf4 29. Re6 Rd8 30. Bg6 Rxf3 31. R1e3 Rxe3 32. fxe3 Kf8 33. Kf2
Nf7 34. h4 Re8 35. Rxe8+ Kxe8 36. Kf3 Ke7 37. e4 dxe4+ 38. Kxe4 Kf6 39. h5 Ng5+
40. Ke3 Ne6 0-1

[Event "II Torneo Internazionale"]
[Site "Montecatini Terme ITA"]
[Date "1998.11.??"]
[Round "8"]
[White "Cugini, Verter"]
[Black "Caposciutti, Maurizio"]
[Result "1/2-1/2"]
[WhiteElo "2190"]
[BlackElo "2360"]
[PlyCount "62"]
[EventDate "1998.11.07"]

1. e4 c5 2. g3 Nc6 3. Bg2 g6 4. Ne2 Bg7 5. O-O d6 6. c3 e5 7. d3 Nge7 8. Be3
O-O 9. Qd2 Be6 10. Bh6 d5 11. Bxg7 Kxg7 12. Qc2 Qd7 13. Nd2 Bh3 14. Rad1 Bxg2
15. Kxg2 Rac8 16. f4 Rcd8 17. Nf3 exf4 18. Nxf4 b6 19. d4 cxd4 20. Nxd4 Qb7 21.
Qf2 Kg8 22. Nxc6 Qxc6 23. exd5 Nxd5 24. Nxd5 Rxd5 25. Qf3 Rd6 26. Qxc6 Rxc6 27.
Rd7 a5 28. Re1 Kg7 29. Re3 h5 30. h4 Rf6 31. Rd5 Rc8 1/2-1/2

[Event "II Torneo Internazionale"]
[Site "Montecatini Terme ITA"]
[Date "1998.11.??"]
[Round "8"]
[White "Golubovic, Boris"]
[Black "Medancic, Rikard"]
[Result "1/2-1/2"]
[WhiteElo "2440"]
[BlackElo "2330"]
[PlyCount "26"]
[EventDate "1998.11.07"]

1. d4 d5 2. Nf3 Nf6 3. Bf4 Bf5 4. e3 e6 5. Bd3 Bxd3 6. Qxd3 c6 7. O-O Bd6 8.
Bxd6 Qxd6 9. Nbd2 O-O 10. e4 dxe4 11. Nxe4 Nxe4 12. Qxe4 Nd7 13. c3 h6 1/2-1/2

[Event "II Torneo Internazionale"]
[Site "Montecatini Terme ITA"]
[Date "1998.11.??"]
[Round "8"]
[White "Tomescu, Vlad"]
[Black "Iotti, Pierluigi"]
[Result "1-0"]
[WhiteElo "2425"]
[BlackElo "2320"]
[PlyCount "77"]
[EventDate "1998.11.07"]

1. e4 e6 2. d4 d5 3. Nd2 Nf6 4. e5 Nfd7 5. Bd3 c5 6. c3 Nc6 7. Ne2 cxd4 8. cxd4
Nb6 9. O-O Bd7 10. Nf3 Be7 11. Nc3 a5 12. a4 Nb4 13. b3 Nc8 14. Be2 Na7 15. Be3
O-O 16. Qd2 Qb8 17. Bg5 Bxg5 18. Nxg5 h6 19. Nf3 b5 20. axb5 Nxb5 21. Na4 Nc7
22. Nc5 Bb5 23. Rfc1 Rc8 24. Bxb5 Nxb5 25. h4 Rc6 26. Nd3 Qf8 27. Kh2 Rxc1 28.
Rxc1 Nxd3 29. Qxd3 Qb4 30. g4 g6 31. Kg2 Kg7 32. Qe3 a4 33. bxa4 Rxa4 34. Qf4
Qe7 35. Rc8 Rc4 36. Rb8 Nc3 37. g5 h5 38. Qf6+ Qxf6 39. gxf6+ 1-0

[Event "II Torneo Internazionale"]
[Site "Montecatini Terme ITA"]
[Date "1998.11.??"]
[Round "8"]
[White "Toulzac, Pierre-Yves"]
[Black "Corvi, Marco"]
[Result "0-1"]
[WhiteElo "2275"]
[BlackElo "2305"]
[PlyCount "78"]
[EventDate "1998.11.07"]

1. d4 f5 2. Nc3 Nf6 3. e4 fxe4 4. Bg5 Nc6 5. d5 Ne5 6. Qd4 Nf7 7. Bxf6 exf6 8.
Nxe4 f5 9. Ng3 g6 10. O-O-O Bh6+ 11. f4 O-O 12. h4 Bg7 13. Qd2 h5 14. Nf3 b5
15. Ng5 Qf6 16. c3 Nd6 17. Rh3 a5 18. Be2 b4 19. Bxh5 bxc3 20. bxc3 Nc4 21. Qe1
Qd6 22. Bxg6 Qxg6 23. Qe2 Ba6 24. Qh5 Qxh5 25. Nxh5 Rae8 26. Rg3 Re3 27. Rd3
Rxd3 28. Rxd3 Re8 29. Rg3 Re1+ 30. Kc2 Ne3+ 31. Kb2 Re2+ 32. Kc1 Ng4 33. Nxg7
Kxg7 34. Nf3 Kf6 35. h5 Rxa2 36. Nh2 Be2 37. h6 Nxh6 38. Rh3 Nf7 39. Re3 Bc4
0-1

[Event "II Torneo Internazionale"]
[Site "Montecatini Terme ITA"]
[Date "1998.11.??"]
[Round "9"]
[White "Caposciutti, Maurizio"]
[Black "Toulzac, Pierre-Yves"]
[Result "1-0"]
[WhiteElo "2360"]
[BlackElo "2275"]
[PlyCount "147"]
[EventDate "1998.11.07"]

1. d4 Nf6 2. c4 e5 3. dxe5 Ne4 4. a3 b6 5. Nf3 Bb7 6. Nbd2 Nc5 7. b4 Ne6 8. Bb2
g6 9. Qc2 Bg7 10. e3 O-O 11. Be2 Re8 12. O-O Qe7 13. Ne4 Bxe4 14. Qxe4 Nc6 15.
c5 a5 16. cxb6 cxb6 17. Bc3 Rac8 18. Rfd1 Nf8 19. bxa5 bxa5 20. Rd5 Ne6 21. h3
Nc7 22. Rd2 d5 23. Qa4 Nxe5 24. Bxe5 Bxe5 25. Nxe5 Qxe5 26. Rad1 Ra8 27. Bf3
Red8 28. Qc6 Qd6 29. Qxd6 Rxd6 30. Bxd5 Nxd5 31. Rxd5 Rb6 32. Rd8+ Rxd8 33.
Rxd8+ Kg7 34. Rd5 Ra6 35. a4 Kf6 36. g4 Ke6 37. Rb5 h6 38. Kg2 Ra7 39. h4 Ra6
40. Kf3 Ke7 41. Ke4 Rc6 42. Rxa5 Rc4+ 43. Kf3 h5 44. gxh5 gxh5 45. Rxh5 Rxa4
46. Kg3 Kf6 47. Rg5 Ra1 48. Rb5 Rh1 49. h5 Kg7 50. Kg4 Rg1+ 51. Kf4 Rh1 52. e4
Rh4+ 53. Ke3 Rh1 54. Rg5+ Kf6 55. Rf5+ Ke6 56. Ra5 Ke7 57. f3 Rh4 58. Kf2 Rh1
59. Kg2 Rh4 60. Kg3 Rh1 61. Kg4 Kf8 62. Kg5 Kg7 63. Ra6 Rg1+ 64. Kf5 Rh1 65.
h6+ Kf8 66. f4 Rh5+ 67. Kg4 Rh1 68. e5 Rh2 69. f5 Kg8 70. Kg5 Rg2+ 71. Kf6 Kh7
72. Kxf7 Rg7+ 73. Kf6 Kxh6 74. e6 1-0